Statistics for Who has the bigger GDP? 2023

Click here to take the quiz!

General Stats

  • This quiz has been taken 11 times
  • The average score is 12 of 15

Answer Stats

QuestionAnswer% Correct
Peru or ColombiaColombia
100%
Germany or UK?Germany
100%
Greece or Czech RepublicCzech Republic
90%
Poland or IsraelPoland
90%
Belgium or SwitzerlandSwitzerland
90%
China or USAUSA
90%
Chile or New ZealandChile
80%
Finland or PortugalFinland
80%
Panama or BelarusPanama
80%
Egypt or South AfricaSouth Africa
70%
Philippines or VietnamVietnam
70%
Mexico or CanadaCanada
60%
Saudi Arabia or TurkeySaudi Arabia
60%
Russia or ItalyItaly
50%
Ireland or AustriaIreland
40%

Score Distribution

Percentile by Number Answered

Percent of People with Each Score

Your Score History

You have not taken this quiz